[Event "Goiania Xeque Mate U2200 6th"]
[Site "Goiania"]
[Date "2019.06.30"]
[Round "4"]
[White "Machado, Luis Miguel Gouveia"]
[Black "Felix, Raimundo Nascimento"]
[Result "1-0"]
[WhiteElo "1625"]
[BlackElo "1835"]
[PlyCount "105"]
[EventDate "2019.06.29"]
[EventType "swiss"]
[EventRounds "5"]
[EventCountry "BRA"]
[SourceTitle "CBM 192 Extra"]
[Source "Chessbase"]
[SourceDate "2019.11.06"]
[SourceVersion "1"]
[SourceVersionDate "2019.11.06"]
[SourceQuality "1"]

1. d4 Nf6 2. Nf3 e6 3. g3 c5 4. e3 b6 5. Bg2 Bb7 6. c4 d5 7. 0-0 Be7 8. Qe2 dxc4 9. Qxc4 0-0 10. Rd1 Qc8 11. Nc3 Nbd7 12. Qe2 cxd4 13. exd4 Nd5 14. Be3 N7f6 15. Rac1 Qd8 16. Ne5 Rc8 17. Nxd5 Nxd5 18. a3 Bd6 19. Nc4 Bb8 20. b4 Ba6 21. Qa2 b5 22. Ne5 Nc3 23. Rxc3 Rxc3 24. Nc6 Qd7 25. Nxb8 Rxb8 26. Qa1 Rbc8 27. d5 exd5 28. Bd4 Rc2 29. Bxg7 Qg4 30. Bh6 Qg6 31. Be3 Bb7 32. Bxa7 h6 33. Bd4 Qh5 34. Re1 Qg5 35. Be3 Qf5 36. Qd4 Re8 37. Rf1 Kh7 38. Qb6 Bc6 39. Qd4 Rc4 40. Qb6 Qe5 41. Bc5 Qe6 42. Bd4 Qd7 43. Be3 Qb7 44. Qxb7 Bxb7 45. Rd1 Rd8 46. Bd4 Kg6 47. Bf1 Rc6 48. Bxb5 Rcc8 49. Bd3+ Kh5 50. h3 f5 51. Bxf5 Ra8 52. Bf6 Rg8 53. g4+ 1-0

[Event "Goiania Xeque Mate U2200 4th"]
[Site "Goiania"]
[Date "2019.03.09"]
[Round "2"]
[White "Aguiar, Luisa Oliveira"]
[Black "Machado, Luis Miguel Gouveia"]
[Result "0-1"]
[WhiteElo "1322"]
[BlackElo "1621"]
[PlyCount "108"]
[EventDate "2019.03.09"]
[EventType "swiss"]
[EventRounds "5"]
[EventCountry "BRA"]
[SourceTitle "CBM 190 Extra"]
[Source "ChessBase"]
[SourceDate "2019.07.15"]
[SourceVersion "1"]
[SourceVersionDate "2019.07.15"]
[SourceQuality "1"]

1. d4 e6 2. Nf3 Nf6 3. e3 Be7 4. Bd3 d5 5. c3 b6 6. Nbd2 Bb7 7. 0-0 0-0 8. Qc2 Nbd7 9. Re1 c5 10. c4 Rc8 11. dxc5 Nxc5 12. Be2 Nce4 13. Rd1 Qc7 14. b3 Ba6 15. Bb2 Rfd8 16. Rac1 b5 17. Be5 Qb7 18. Qb1 bxc4 19. bxc4 Qxb1 20. Nxb1 Bxc4 21. Bxc4 dxc4 22. Rd4 Rxd4 23. Bxd4 Ng4 24. Rc2 Bf6 25. Bxa7 Ngxf2 26. Rxf2 Nxf2 27. Kxf2 c3 28. Nxc3 Rxc3 29. a4 Ra3 30. a5 Rxa5 31. Bb6 Rb5 32. Bc7 Rb2+ 33. Kg3 Rb3 34. Bf4 h6 35. Kf2 g5 36. Bd6 Kg7 37. Bc7 Rb7 38. Be5 Bxe5 39. Nxe5 f6 40. Nc4 Kg6 41. Nd6 Rb2+ 42. Kf3 f5 43. h3 h5 44. e4 g4+ 45. hxg4 hxg4+ 46. Kf4 Rxg2 47. exf5+ exf5 48. Nxf5 Rf2+ 49. Kxg4 Rxf5 50. Kh4 Rf4+ 51. Kg3 Kg5 52. Kh3 Rf3+ 53. Kh2 Kg4 54. Kg2 Rf8 0-1

[Event "Goiania Xeque Mate U2200 2nd"]
[Site "Goiania"]
[Date "2018.07.28"]
[Round "2.7"]
[White "De Oliveira, Caio Guilherme Viei"]
[Black "Machado, Luis Miguel Gouveia"]
[Result "0-1"]
[WhiteElo "1384"]
[BlackElo "1576"]
[PlyCount "138"]
[EventDate "2018.07.28"]
[EventType "swiss"]
[EventRounds "5"]
[EventCountry "BRA"]
[SourceTitle "EXT 2022"]
[Source "ChessBase"]
[SourceDate "2021.10.06"]
[SourceVersion "1"]
[SourceVersionDate "2021.10.06"]
[SourceQuality "1"]

1. d4 d5 2. Nf3 Nf6 3. e3 Bf5 4. Bd3 Bxd3 5. Qxd3 Nbd7 6. Nbd2 e6 7. 0-0 Be7 8. Re1 0-0 9. e4 dxe4 10. Nxe4 c5 11. Bg5 Nxe4 12. Bxe7 Qxe7 13. Rxe4 Nf6 14. Rh4 Rfd8 15. Ng5 h6 16. Nf3 Rd6 17. Qe3 Rad8 18. Rd1 Qc7 19. c3 Qa5 20. a3 cxd4 21. Rhxd4 Rxd4 22. Rxd4 Rxd4 23. Qxd4 Qd5 24. Qxd5 Nxd5 25. Kf1 Kf8 26. Ke2 Nf4+ 27. Kf1 Ke7 28. g3 Nd5 29. Ke2 Kd6 30. Kd3 e5 31. Nd2 f5 32. Nc4+ Ke6 33. f3 g5 34. g4 b5 35. gxf5+ Kxf5 36. Ne3+ Ke6 37. Nxd5 Kxd5 38. b3 a5 39. a4 bxa4 40. c4+ Kc6 41. bxa4 Kc5 42. Kc3 h5 43. h3 h4 44. Kd3 Kb4 45. c5 Kxc5 46. Kc3 Kb6 47. Kc4 Kc6 48. Kc3 Kc5 49. Kb3 Kd4 50. Kb2 Kc4 51. Kc1 Kb3 52. Kb1 Kxa4 53. Kb2 Kb4 54. Ka2 a4 55. Kb2 a3+ 56. Ka2 Kc3 57. Kxa3 Kd3 58. Kb2 Ke3 59. Kc2 Kxf3 60. Kd1 Kg3 61. Ke2 Kxh3 62. Kf2 Kh2 63. Kf1 g4 64. Kf2 g3+ 65. Kf3 g2 66. Kg4 g1Q+ 67. Kxh4 Qg3+ 68. Kh5 Kg2 69. Kh6 e4 0-1

[Event "Goiania Xeque Mate U2200 2nd"]
[Site "Goiania"]
[Date "2018.07.28"]
[Round "1.1"]
[White "Machado, Luis Miguel Gouveia"]
[Black "Garcia, Gabriel Gonzaga"]
[Result "0-1"]
[WhiteElo "1576"]
[BlackElo "2197"]
[PlyCount "86"]
[EventDate "2018.07.28"]
[EventType "swiss"]
[EventRounds "5"]
[EventCountry "BRA"]
[SourceTitle "EXT 2022"]
[Source "ChessBase"]
[SourceDate "2021.10.06"]
[SourceVersion "1"]
[SourceVersionDate "2021.10.06"]
[SourceQuality "1"]

1. e4 c6 2. d3 d5 3. Nd2 Nf6 4. Ngf3 Bg4 5. Be2 e6 6. 0-0 Nbd7 7. h3 Bxf3 8. Bxf3 Bd6 9. Re1 0-0 10. Qe2 Bc7 11. g3 a5 12. a4 Nc5 13. e5 Nfd7 14. d4 Na6 15. Bg2 c5 16. c3 Bb6 17. Nf3 h6 18. Be3 Qe7 19. Qd2 Rfc8 20. Bxh6 gxh6 21. Qxh6 Qf8 22. Qh5 cxd4 23. cxd4 Qg7 24. Re3 Nb4 25. Ng5 Bd8 26. Nxf7 Qxf7 27. Qg4+ Kh7 28. Rf3 Qg6 29. Qf4 Kg7 30. h4 Be7 31. h5 Qxh5 32. g4 Qg6 33. Rh3 Rh8 34. Rc3 Raf8 35. Qc1 Nc6 36. Raa3 Bh4 37. Rf3 Rxf3 38. Rxf3 Nxd4 39. Re3 Rf8 40. f3 Bg5 41. Qc7 Bxe3+ 42. Kf1 Qb1+ 43. Qc1 Qxc1# 0-1

[Event "Goiania Xeque Mate U2200 1st"]
[Site "Goiania"]
[Date "2018.06.03"]
[Round "5.5"]
[White "Di Simoni, Rafaela Moura"]
[Black "Machado, Luis Miguel Gouveia"]
[Result "0-1"]
[WhiteElo "1497"]
[BlackElo "1782"]
[PlyCount "78"]
[EventDate "2018.06.02"]
[EventType "swiss"]
[EventRounds "5"]
[EventCountry "BRA"]
[SourceTitle "EXT 2022"]
[Source "ChessBase"]
[SourceDate "2021.10.06"]
[SourceVersion "1"]
[SourceVersionDate "2021.10.06"]
[SourceQuality "1"]

1. d4 e6 2. Nf3 Nf6 3. e3 d5 4. Bd3 c5 5. 0-0 Be7 6. b3 0-0 7. Bb2 Nc6 8. Nbd2 b6 9. Ne5 Bb7 10. f4 Rc8 11. Rf3 g6 12. Rh3 cxd4 13. exd4 Nb4 14. c3 Nxd3 15. Rxd3 Ne4 16. Nxe4 dxe4 17. Rh3 f6 18. Ng4 h5 19. Ne3 Bd6 20. Rh4 f5 21. Qe1 Be7 22. Rh3 Bf6 23. Qg3 Kf7 24. Nc4 Ba6 25. Ba3 Bxc4 26. Bxf8 Qxf8 27. bxc4 Rxc4 28. Qe3 Qa3 29. Qd2 Qd6 30. Rd1 Qd5 31. Kh1 Ra4 32. Ra1 Be7 33. Qd1 b5 34. Rxh5 gxh5 35. Qxh5+ Kg7 36. Qe2 Bf6 37. g3 Kf7 38. h4 Qd8 39. h5 Qh8 0-1

[Event "Goiania Xeque Mate U2200 1st"]
[Site "Goiania"]
[Date "2018.06.02"]
[Round "2.6"]
[White "Machado, Luis Miguel Gouveia"]
[Black "De Moura, Bruno Dias"]
[Result "1-0"]
[WhiteElo "1782"]
[BlackElo "1512"]
[PlyCount "31"]
[EventDate "2018.06.02"]
[EventType "swiss"]
[EventRounds "5"]
[EventCountry "BRA"]
[SourceTitle "EXT 2022"]
[Source "ChessBase"]
[SourceDate "2021.10.06"]
[SourceVersion "1"]
[SourceVersionDate "2021.10.06"]
[SourceQuality "1"]

1. e4 c6 2. Nf3 d5 3. exd5 cxd5 4. Ne5 Nd7 5. Nxd7 Bxd7 6. d4 Nf6 7. Bd3 e6 8. Nd2 Bd6 9. Nf3 Qc7 10. 0-0 0-0 11. Re1 b5 12. Ne5 Rfc8 13. Qf3 a5 14. Bg5 Ne8 15. Qxf7+ Kh8 16. Nxd7 1-0